<?xml version="1.0" encoding="UTF-8"?>
<record
    xmlns:xsi="http://www.w3.org/2001/XMLSchema-instance"
    xsi:schemaLocation="http://www.loc.gov/MARC21/slim http://www.loc.gov/standards/marcxml/schema/MARC21slim.xsd"
    xmlns="http://www.loc.gov/MARC21/slim">

  <leader>01976nab a2200229uuc4500</leader>
  <controlfield tag="001">1356517</controlfield>
  <controlfield tag="005">20240205085419.0</controlfield>
  <controlfield tag="008">140127                             spa  </controlfield>
  <datafield tag="035" ind1=" " ind2=" ">
    <subfield code="a">1356517</subfield>
  </datafield>
  <datafield tag="040" ind1=" " ind2=" ">
    <subfield code="c">comduadb</subfield>
  </datafield>
  <datafield tag="041" ind1=" " ind2=" ">
    <subfield code="a">spa</subfield>
  </datafield>
  <datafield tag="100" ind1="1" ind2="0">
    <subfield code="a">Torres Valois, Tarcilo</subfield>
    <subfield code="4">aut</subfield>
    <subfield code="e">aut</subfield>
    <subfield code="9">687477</subfield>
  </datafield>
  <datafield tag="245" ind1="1" ind2="3">
    <subfield code="a">Un estudio del contenido cient&#xED;fico de las preguntas formuladas por estudiantes cuando intentan comprender dispositivos experimentales</subfield>
  </datafield>
  <datafield tag="520" ind1="3" ind2=" ">
    <subfield code="a">Se muestra un an&#xE1;lisis descriptivo del contenido cient&#xED;fico de las preguntas formuladas por estudiantes de secundaria y universitarios, cuando tratan de comprender el funcionamiento de dispositivos experimentales. Se consideran tres situaciones did&#xE1;cticas habituales: leer un texto acompa&#xF1;ado de im&#xE1;genes est&#xE1;ticas (esquem&#xE1;ticas); visualizar im&#xE1;genes din&#xE1;micas (video o demostraci&#xF3;n de c&#xE1;tedra), observar y manipular los dispositivos. Solo una tercera parte de las preguntas de los estudiantes contuvieron alg&#xFA;n t&#xE9;rmino cient&#xED;fico, aunque los universitarios superaron claramente a los de secundaria. Las leyes y principios cient&#xED;ficos, necesarios para modelizar y explicar la realidad, apenas fueron mencionadas por porcentajes muy peque&#xF1;os de estudiantes, incluso universitarios. As&#xED; mismo, se encontraron errores conceptuales e ideas animistas preocupantes. La condici&#xF3;n observar y manipular, t&#xED;pica de laboratorios escolares y de museos interactivos, estimul&#xF3; mayor proporci&#xF3;n de preguntas y mayor variedad en el uso de t&#xE9;rminos cient&#xED;ficos en los estudiantes.</subfield>
  </datafield>
  <datafield tag="650" ind1=" " ind2=" ">
    <subfield code="a">Pregunta - Aspectos pedagogicos</subfield>
    <subfield code="9">156944</subfield>
  </datafield>
  <datafield tag="650" ind1=" " ind2="7">
    <subfield code="a">Ciencia</subfield>
    <subfield code="x">Ense&#xF1;anza</subfield>
    <subfield code="2">lemb</subfield>
    <subfield code="9">3024</subfield>
  </datafield>
  <datafield tag="700" ind1="1" ind2="0">
    <subfield code="a">Milicic, Beatriz Estela</subfield>
    <subfield code="4">aut</subfield>
    <subfield code="e">aut</subfield>
    <subfield code="9">712093</subfield>
  </datafield>
  <datafield tag="700" ind1="1" ind2="0">
    <subfield code="a">Sanjos&#xE9; L&#xF3;pez, Vicente</subfield>
    <subfield code="4">aut</subfield>
    <subfield code="e">aut</subfield>
    <subfield code="9">452237</subfield>
  </datafield>
  <datafield tag="773" ind1="0" ind2=" ">
    <subfield code="t">Did&#xE1;ctica de las Ciencias Experimentales y Sociales</subfield>
    <subfield code="g">No. 27; 2013, p. 179-197</subfield>
    <subfield code="w">968112</subfield>
    <subfield code="x">0214-4379</subfield>
    <subfield code="0">376221</subfield>
  </datafield>
  <datafield tag="856" ind1="4" ind2=" ">
    <subfield code="u">http://bibliotecadigital.udea.edu.co/handle/10495/8766</subfield>
  </datafield>
  <datafield tag="942" ind1=" " ind2=" ">
    <subfield code="c">ARIMP</subfield>
  </datafield>
  <datafield tag="999" ind1=" " ind2=" ">
    <subfield code="c">679931</subfield>
    <subfield code="d">679931</subfield>
  </datafield>
</record>
